000 00735nam a22002177a 4500
001 83672
003 BD-RjUL
005 20240507154233.0
008 240507s1949 pk ||||| |||| 00| 0 urd d
035 _a(BD-RjUL) 83672
040 _aBD-RjUL
_beng
_cBD-RjUL
041 _aurd
082 _223
_a891.551
_bNOS 1949
100 1 0 _aنعمانی، شبلی ;; Nu'mani, Shibli
_912883
245 1 0 _aشعر العظم ;; share i azam /
_cشبلی نعمانی ;; Shibli Nomani
260 _aLahore :
_bShaikh mubarak Ali ,
_c1949
300 _aV. ;
_c24 cm
505 _aVol. 1. عباس موزی سے نظامی تک .-- V.3.. فغانی شیرازی سے ابو طالب کلیم تک. --
650 _aPersian Poetry
942 _2ddc
_cBK
999 _c83672
_d83672